| 000 | 00561nam a22001697a 4500 | ||
|---|---|---|---|
| 003 | PILC | ||
| 005 | 20150605130145.0 | ||
| 008 | 150605b xxu||||| |||| 00| 0 eng d | ||
| 050 |
_aT 1 _b.M685 2009 |
||
| 100 | _aMiyazawa, Yaeko Elizabeth D. | ||
| 245 |
_aOnline ordering system for daniolco trading / _cYaeko Elizabeth D. Miyazawa. |
||
| 260 |
_aLas PiƱas City: _bSISC, _c2009. |
||
| 300 |
_avii, 74 pages : _billustrations ; _c28 cm. |
||
| 500 | _aIncludes bibliographical references and appendices. | ||
| 650 | _aManagement system. | ||
| 942 |
_2lcc _cTH _kLOC |
||
| 999 |
_c284759 _d284759 |
||